[Event "IECG CP.2001.P.00001"]
[Site "IECG email"]
[Date "2001.10.01"]
[Round "?"]
[White "Bandiera, Aurelio"]
[Black "Atesin, Abdurrahman"]
[Result "1-0"]
[WhiteElo "1808"]
[BlackElo "1604"]
[PlyCount "53"]
[EventDate "2001.10.01"]
[EventType "tourn (corr)"]
[EventRounds "6"]
[SourceTitle "Corr 2008"]
[Source "ChessBase"]
[SourceDate "2008.06.24"]
[SourceVersion "1"]
[SourceVersionDate "2008.06.24"]
[SourceQuality "1"]

1. e4 c5 2. Nf3 e6 3. d4 cxd4 4. Nxd4 Nf6 5. Nc3 Bb4 6. e5 Nd5 7. Qg4 0-0 8. Bh6 g6 9. Bxf8 Qxf8 10. Qg3 Qc5 11. Nde2 Nc6 12. 0-0-0 Nxc3 13. Nxc3 Bxc3 14. Qxc3 Qxc3 15. bxc3 Nxe5 16. Be2 Kf8 17. h4 Ke7 18. f4 Nc6 19. h5 Na5 20. hxg6 hxg6 21. Rh7 b6 22. Bd3 Kf8 23. g4 Bb7 24. Bxg6 fxg6 25. Rdxd7 Kg8 26. Rdg7+ Kf8 27. Rxb7 1-0